Catálogo público

Las plagas de los productos alimenticios almacenados en la región del OIRSA / (Record no. 207631)

MARC details
000 -CABECERA
campo de control de longitud fija 00739nam a2200253Ia 4500
001 - NÚMERO DE CONTROL
campo de control Para_8868
003 - IDENTIFICADOR DEL NÚMERO DE CONTROL
campo de control CHAP
008 - DATOS DE LONGITUD FIJA--INFORMACIÓN GENERAL
campo de control de longitud fija 220125s2003 xx 000 0 und d
010 ## - NÚMERO DE CONTROL DE LA BIBLIOTECA DEL CONGRESO
Número de control de LC 207631
040 ## - FUENTE DE LA CATALOGACIÓN
Centro/agencia transcriptor CHAP
082 ## - NÚMERO DE LA CLASIFICACIÓN DECIMAL DEWEY
Número de clasificación PA 633.1 L3
100 ## - ENTRADA PRINCIPAL--NOMBRE DE PERSONA
Nombre de persona Landaverde Toruño, Roger A.
9 (RLIN) 64669
245 ## - MENCIÓN DE TÍTULO
Título Las plagas de los productos alimenticios almacenados en la región del OIRSA /
Mención de responsabilidad, etc. por Roger A. Landaverde Toruño
260 ## - PUBLICACIÓN, DISTRIBUCIÓN, ETC.
Lugar de publicación, distribución, etc. San Salvador, El Salvador :
Nombre del editor, distribuidor, etc. OIRSA
300 ## - DESCRIPCIÓN FÍSICA
Extensión 171 p.
650 ## - PUNTO DE ACCESO ADICIONAL DE MATERIA--TÉRMINO DE MATERIA
Término de materia o nombre geográfico como elemento de entrada Cereales
Subdivisión general almacenamiento
-- plagas
9 (RLIN) 21378
901 ## - ELEMENTOS DE DATOS A LOCAL LDA (RLIN)
a PA 633.1 L3
902 ## - ELEMENTOS DE DATOS B LOCAL, LDB (RLIN)
a A
905 ## - ELEMENTOS DE DATOS E LOCAL, LDE (RLIN)
a 0000002003 adn 0000000000 00
910 ## - DATOS DE OPCIÓN DEL USUARIO (OCLC)
Datos de opción del usuario 2003
942 ## - ELEMENTOS DE PUNTO DE ACCESO ADICIONAL (KOHA)
Tipo de ítem Koha Parasitologia_
942 ## - ELEMENTOS DE PUNTO DE ACCESO ADICIONAL (KOHA)
Tipo de ítem Koha Parasitologia_
-- 1
Holdings
Estado de retiro Estado de pérdida Fuente del sistema de clasificación o colocación Estado dañado No para préstamo Código de colección Localización permanente Ubicación/localización actual Fecha de adquisición Número de inventario Total de préstamos Signatura topográfica completa Código de barras Fecha visto por última vez Número de copia Precio válido a partir de Tipo de ítem Koha Nota pública
    Dewey Decimal Classification     General Parasitologia Agricola Parasitologia Agricola 27/10/2005 (PA_8695) (No. UACh C/E)   PA 633.1 L3 4102003119 25/01/2022 Ej.4 25/01/2022 Libro 3
    Dewey Decimal Classification     General Parasitologia Agricola Parasitologia Agricola 27/10/2005 (PA_8621) (No. UACh C/E)   PA 633.1 L3 4102003116 25/01/2022 Ej.1 25/01/2022 Libro 3
    Dewey Decimal Classification     General Parasitologia Agricola Parasitologia Agricola 27/10/2005 (PA_8693 ) (No. UACh C/E)   PA 633.1 L3 4102003117 25/01/2022 Ej.2 25/01/2022 Libro 3
    Dewey Decimal Classification     General Parasitologia Agricola Parasitologia Agricola 27/10/2005 (PA_8694) (No. UACh C/E)   PA 633.1 L3 4102003118 25/01/2022 Ej.3 25/01/2022 Libro 3